000
00307nam a22001337a 4500
008
180315b xxu||||| |||| 00| 0 eng d
020
_a
9780760010792
041
_a
eng
080
_2
4th
_a
338
100
_a
54
101
_a
MEN
245
_a
Principles of information systems
_c
Stair,R.M
942
_2
udc
_c
BK
999
_c
45130
_d
45130